Electrotecnia : con fundamentos de la electrónica industrial

Bibliographic Details
Main Author: Kitaev, V
Format: Section = Libro
Language:Undetermined
Spanish
Published: Moscú Mir Moscú 1988
Subjects:
LEADER 00492nam a2200181Ia 4500
008 240829s9999 xx 000 0 und d
020 |a 5-03-000595-1 
040 |a BIBLIOTECA-RUSB/ 623.76 K62 
041 |a spa 
082 |a 623.76 K62 
100 1 |a Kitaev, V 
245 1 0 |a Electrotecnia : con fundamentos de la electrónica industrial 
260 |a Moscú  |b Mir Moscú  |c 1988 
300 |a 256 p. :il. 
650 7 |a INGENIERIA ELECTRICA ELECTRONICA 
942 |c BK  |2 ddc 
991 |a TEXTO 
999 |c 3627